000 01235nam0a2200361 4500
001 RU\NLR\BIBL_A\021994997
005 20230905142901.0
010 _a978-5-907453-39-5
_9500
021 _aRU
_bКН-П-23-040422
_9КН-П-23-4031
035 _a(NLR Aleph) 021994997
035 _a(RuMoRGB)011873635
090 _a12438122
_c12438122
100 _a20230802d2023 u y0rusy50 ca
101 0 _arus
102 _aRU
105 _aa z 000ay
181 0 _ai3
_baxxe
181 0 _ab1
_bxb2e
182 0 _an
200 1 _aДорога к чудесам
_eсказки и стихотворения
_fЭрин Шторм
203 _aТекст
_aИзображение
_bвизуальные
_cнепосредственные
210 _aВолгоград
_cПерископ-Волга
_d2023
215 _a91, [4] с.
_cцв. ил.
_d22
327 1 _aСодерж.: Сказки; Путь Волшебницы; Музыкант; Эльфея; Стихи
333 _a16+
675 _a821.161.1-8
_v4
686 2 _aШ6(2=Р)8я44
700 1 _aШторм
_bЭ.
_gЭрин
942 _cBOOK
980 _aNB